000
00316nam a22001337a 4500
008
170222b xxu||||| |||| 00| 0 eng d
020
_a
0801632773
041
_a
eng
080
_2
4TH
_a
616.31
100
_a
5
101
_a
SHS
245
_a
DENTISTRY FOR THE CHILD AND ADOLESCENT
_c
MCDONALD, R.E
942
_2
udc
_c
BK
999
_c
6102
_d
6102